000 01420nam a2200181Ia 4500
008 151202s9999||||xx |||||||||||||| ||und||
082 _bPNVM-123716
100 _aभारतीकृष्णतीर्थजगन्नाथपुरीगोवर्धनपीठशंकराचार्य/अनु.कुलकर्णीदिलीपबापट ब. गं
245 _aवैदिक गणित समजेपर्यत जादू वाटणारे भाग 4बीजगणित.
260 _b"कुलकर्णी दिलीप दत्तात्रेय, पुणे."
260 _c1989
300 _a128
600 _aभारतीकृष्णतीर्थजगन्नाथपुरीगोवर्धनपीठशंकराचार्य/अनु.कुलकर्णीदिलीपबापट ब. गं
630 _aवैदिक गणित समजेपर्यत जादू वाटणारे भाग 4बीजगणित.
700 _aभारतीकृष्णतीर्थजगन्नाथपुरीगोवर्धनपीठशंकराचार्य/अनु.कुलकर्णीदिलीपबापट ब. गं
730 _aवैदिक गणित समजेपर्यत जादू वाटणारे भाग 4बीजगणित.
942 _cBOOK
999 _c1353845
_d1353842